000 00531nam a2200193Ia 4500
005 20250923150020.0
008 008 250917s9999 xx 000 0 eng d
037 _aTextual
040 _aDSWL
_beng
_cDSWL
041 _aeng
_2eng
084 _aW:58(Z), N98
_qDSWL
245 0 _aSocial Justice in india
_cEd. by C.P. Barthwal
260 _aLucknow
_b Bharat Book Center
_c1998
300 _axvi,339 p.
365 _aINR
_b550.00
925 _g550.00
942 _cTEXL
_hW:58(Z), N98
999 _c1458520
_d1458520